Mechanisms of Microbial disease
Tufts Univ., Boston, MA. Text of medical microbiology and infectious disease for medical students. Includes case studies, key concepts, review questions with answers, review charts of infectious agents, and halftone and two-tone illustrations. Previous edition: c1993. Softcover. DNLM: Communicable D...
Guardado en:
| Formato: | Libro |
|---|---|
| Lenguaje: | Undetermined |
| Publicado: |
Baltimore
Williams & Wilkins
1998
|
| Materias: | |
| Etiquetas: |
Agregar Etiqueta
Sin Etiquetas, Sea el primero en etiquetar este registro!
|
| Thư viện lưu trữ: | Trung tâm Học liệu Trường Đại học Cần Thơ |
|---|
| LEADER | 00951nam a2200205Ia 4500 | ||
|---|---|---|---|
| 001 | CTU_159447 | ||
| 008 | 210402s9999 xx 000 0 und d | ||
| 020 | |c 7.50 | ||
| 082 | |a 616.9 | ||
| 082 | |b M486 | ||
| 245 | 0 | |a Mechanisms of Microbial disease | |
| 245 | 0 | |c [Edited by] Moselio Schaechter...[et al.] | |
| 260 | |a Baltimore | ||
| 260 | |b Williams & Wilkins | ||
| 260 | |c 1998 | ||
| 520 | |a Tufts Univ., Boston, MA. Text of medical microbiology and infectious disease for medical students. Includes case studies, key concepts, review questions with answers, review charts of infectious agents, and halftone and two-tone illustrations. Previous edition: c1993. Softcover. DNLM: Communicable Diseases--microbiologybiology | ||
| 650 | |a Y vi sinh học,Medical microbiology,Communicable diseases,Bệnh truyền bệnh | ||
| 650 | |x Pathogenesis,Bệnh lý | ||
| 904 | |i Hải | ||
| 980 | |a Trung tâm Học liệu Trường Đại học Cần Thơ | ||